Nomenclátor de las ciudades, villas, lugares, aldeas y demás entidades de población de España / formado por la Dirección General del Instituto Geográfico y Estadístico con referencia al 31 de diciembre de 1900
Descripción Física:
2 v. ; 34 cm
Materias:
Topònims -- Espanya
MARC
| LEADER | 00000nam a2200000Ia 4500 | ||
|---|---|---|---|
| 001 | 7631, 7632 | ||
| 003 | BGR | ||
| 005 | 20260324175250.0 | ||
| 008 | 160829s1904 xx 000 0 cat d | ||
| 080 | |a FOL-1-24, FOL-1-25 | ||
| 110 | 1 | |a Instituto Geográfico y Estadístico (Espanya) |9 71157 | |
| 245 | |a Nomenclátor de las ciudades, villas, lugares, aldeas y demás entidades de población de España / formado por la Dirección General del Instituto Geográfico y Estadístico con referencia al 31 de diciembre de 1900 | ||
| 260 | |a Madrid : |b Imprenta de la Dirección General del Instituto Geográfico y Estadístico, |c 1904 | ||
| 300 | |a 2 v. ; |c 34 cm | ||
| 590 | |a Conté: I: [De Álava a Lugo], II: [De Madrid a Zaragoza] | ||
| 650 | |a Topònims |x Espanya |9 24921 | ||
| 901 | |a Arxiu | ||
| 942 | |n 1 |2 udc |c MON | ||
| 952 | |0 0 |1 0 |4 0 |6 FOL124_FOL125 |7 1 |9 42909 |a Arxiu |b Arxiu |d 2016-12-01 |l 0 |o FOL-1-24, FOL-1-25 |p 7631, 7632 |r 2016-12-01 00:00:00 |w 2016-12-01 |y ARXIU | ||
| 999 | |c 45415 |d 45415 | ||